00508 2200181 4500001002100000005001500021035002000036007000300056008004100059020001800100082000800118084001400126100002300140245005300163260005300216300004700269650001000316INLIS00000000000009220231003104153 a0010-1023000028ta231003 g 0 ind  a979-420-697-0 a633 a633 EDI a0 aEdia Rahayuningsih1 aAnalisis Kuantitatif Perilaku Pestisida Di Tanah aYogyakarta :bGajah Mada University Press,c2009 axxxi, 278 hlm, :bilus, ;c14,5 cm x 21 cm 4aTanah